000 00470cam a22001337a 4500
999 _c477011
_d477011
008 180718b1972 xxu||||| |||| 00| 0 eng d
082 _aI581x54 M277g
100 _aMaheshwari, Shri Ram
_910547
245 _aGovernment through consultation advisory committees in Indian government
_cby Shri Ram Maheshwari
260 _aNew Delhi
_bIndian Institute of Public Administration
_c1972
300 _a380p.
650 _aExecutive advisory bodies --India
_910548
942 _2ddc